[Event "NAYCC U12"]
[Site "Kingston CAN"]
[Date "2019.08.16"]
[Round "2.76"]
[White "Vidyarthi, Vyom"]
[Black "Yan, Alex Jikai"]
[Result "1-0"]
[WhiteElo "2205"]
[BlackElo "1801"]
[PlyCount "63"]
[EventDate "2019.08.16"]
[EventType "swiss"]
[EventRounds "9"]
[EventCountry "CAN"]

1. d4 d5 2. Bf4 Nf6 3. e3 e6 4. Nf3 Be7 5. h3 O-O 6. Nbd2 c5 7. c3 Nc6 8. Bd3
b6 9. O-O a5 10. Qe2 Ne8 11. e4 cxd4 12. Nxd4 Nxd4 13. cxd4 Bg5 14. Bxg5 Qxg5
15. f4 Qd8 16. e5 f5 17. Rac1 Nc7 18. Rc6 Na6 19. a3 Rf7 20. Rd6 Qc7 21. Rc1
Qb7 22. Bxa6 Qxa6 23. Rd8+ Rf8 24. Rcxc8 Qxc8 25. Rxc8 Rfxc8 26. Qb5 Rab8 27.
Nf3 h6 28. h4 Rc7 29. h5 Kf7 30. Nh4 Kg8 31. Kh2 Kf7 32. Nxf5 1-0

[Event "NAYCC U12"]
[Site "Kingston CAN"]
[Date "2019.08.16"]
[Round "2.77"]
[White "Zhong, Kevin"]
[Black "Xie, Austin"]
[Result "1-0"]
[WhiteElo "2215"]
[BlackElo "1872"]
[PlyCount "53"]
[EventDate "2019.08.16"]
[EventType "swiss"]
[EventRounds "9"]
[EventCountry "CAN"]

1. e4 e6 2. Nf3 d5 3. Nc3 Nf6 4. e5 Nfd7 5. d4 c5 6. dxc5 Bxc5 7. Bd3 Nc6 8.
Bf4 f6 9. exf6 Nxf6 10. Qe2 O-O 11. O-O-O Bd7 12. h4 Nb4 13. Ne5 Nxd3+ 14. Rxd3
d4 15. Bg5 Qc7 16. Bxf6 Rxf6 17. Nxd7 Qxd7 18. Ne4 Rf5 19. g4 Rd5 20. Ng5 Re8
21. Qe4 g6 22. f4 Bd6 23. h5 Qa4 24. hxg6 Qxa2 25. gxh7+ Kg7 26. h8=Q+ Rxh8 27.
Rh7+ 1-0

[Event "NAYCC U12"]
[Site "Kingston CAN"]
[Date "2019.08.16"]
[Round "2.78"]
[White "Cheung, Ryan"]
[Black "Kou, Daniel"]
[Result "1-0"]
[WhiteElo "2090"]
[BlackElo "1676"]
[PlyCount "97"]
[EventDate "2019.08.16"]
[EventType "swiss"]
[EventRounds "9"]
[EventCountry "CAN"]

1. e4 c5 2. Nc3 e6 3. g3 a6 4. Bg2 Qc7 5. d3 Nc6 6. Nh3 Nf6 7. O-O Be7 8. f4 d6
9. Nf2 h5 10. h3 b5 11. Ne2 Bb7 12. c3 Rc8 13. g4 hxg4 14. hxg4 g6 15. Ng3 Rd8
16. g5 Nh5 17. Nxh5 Rxh5 18. Ng4 Kd7 19. Nh6 Rh8 20. Bf3 R5xh6 21. gxh6 Bf8 22.
Be3 Bxh6 23. d4 cxd4 24. cxd4 Kc8 25. d5 exd5 26. exd5 Ne5 27. Rc1 Nc4 28. Bd4
Rh7 29. b3 Bxf4 30. Bg4+ f5 31. Rxf4 fxg4 32. Qxg4+ Kb8 33. bxc4 Bxd5 34. Rf8+
Kb7 35. Rh8 Bxc4 36. Rxh7 Qxh7 37. a4 Qf7 38. axb5 axb5 39. Re1 d5 40. Qe6 Qc7
41. Qe7 b4 42. Qxb4+ Kc8 43. Re8+ Kd7 44. Re7+ Kd8 45. Rxc7 Kxc7 46. Qb6+ Kc8
47. Be5 Kd7 48. Qd6+ Kc8 49. Qc7# 1-0

[Event "NAYCC U12"]
[Site "Kingston CAN"]
[Date "2019.08.16"]
[Round "2.79"]
[White "Zhao, Jeffrey R"]
[Black "Chen, Andrew"]
[Result "1-0"]
[WhiteElo "2117"]
[BlackElo "1444"]
[PlyCount "101"]
[EventDate "2019.08.16"]
[EventType "swiss"]
[EventRounds "9"]
[EventCountry "CAN"]

1. e4 c5 2. Nf3 e6 3. d4 cxd4 4. Nxd4 Nc6 5. Nb5 d5 6. exd5 exd5 7. Qxd5 Qxd5
8. Nc7+ Kd7 9. Nxd5 Nf6 10. Nxf6+ gxf6 11. Bc4 Bc5 12. O-O Ne5 13. Bb3 Rg8 14.
Nc3 b6 15. Bd5 Rb8 16. Bf4 Bb7 17. Rad1 Ke7 18. Rfe1 Kf8 19. Bxb7 Rxb7 20. Rd8+
Kg7 21. Rxg8+ Kxg8 22. Bxe5 fxe5 23. Rxe5 Re7 24. Rxe7 Bxe7 25. Nd5 Bc5 26. b4
Bd6 27. h3 Kg7 28. Kf1 Kg6 29. Ke2 Kf5 30. Kd3 Ke5 31. c4 b5 32. Ne3 Bxb4 33.
cxb5 Bc5 34. Kc4 Bb6 35. Kd3 Kd6 36. Nc4+ Kc5 37. Nxb6 axb6 38. a4 Kb4 39. Kd4
Kxa4 40. Kc4 Ka3 41. Kd5 Kb4 42. Kc6 Ka5 43. f4 f6 44. g4 h6 45. h4 f5 46. gxf5
h5 47. f6 Ka4 48. f7 Ka5 49. f8=Q Ka4 50. Qd6 Ka5 51. Qa3# 1-0

[Event "NAYCC U12"]
[Site "Kingston CAN"]
[Date "2019.08.16"]
[Round "2.80"]
[White "Yuan, Edison"]
[Black "Chen, Richard"]
[Result "0-1"]
[WhiteElo "1745"]
[BlackElo "1831"]
[PlyCount "122"]
[EventDate "2019.08.16"]
[EventType "swiss"]
[EventRounds "9"]
[EventCountry "CAN"]

1. e4 e5 2. Nf3 Nf6 3. d4 exd4 4. e5 Qe7 5. Qxd4 Nc6 6. Qe3 Ng4 7. Qe2 Ngxe5 8.
Be3 Nxf3+ 9. Qxf3 g6 10. Be2 Bg7 11. c3 O-O 12. Nd2 d6 13. O-O-O Be6 14. Kb1
Qd7 15. h4 h5 16. Qg3 Bf5+ 17. Ka1 Rfe8 18. Nb3 Qe7 19. Bf3 Be5 20. Bf4 Bxf4
21. Qxf4 Bc2 22. Rde1 Qxe1+ 23. Rxe1 Rxe1+ 24. Nc1 Rae8 25. g4 hxg4 26. Bxg4
R8e4 27. Qd2 Rxc1+ 28. Qxc1 Rxg4 29. a3 Bb3 30. Qh1 Ne5 31. Kb1 Nf3 32. Kc1
Rg1+ 33. Qxg1 Nxg1 34. Kd2 Nf3+ 35. Ke3 Nxh4 36. Kf4 Kg7 37. Kg4 Nf5 38. Kf4
Kf6 39. f3 g5+ 40. Kg4 Ne3+ 41. Kg3 Kf5 42. Kf2 Kf4 43. Ke2 Bd1+ 44. Kd2 Kxf3
45. Kd3 g4 46. c4 Nxc4 47. Kxc4 g3 48. b3 Bxb3+ 49. Kxb3 g2 50. a4 g1=Q 51. a5
Qe3+ 52. Kc4 d5+ 53. Kxd5 Qe6+ 54. Kd4 Qd6+ 55. Kc4 Ke4 56. a6 bxa6 57. Kc3
Qc5+ 58. Kb3 Kd3 59. Ka2 Qb6 60. Ka3 Kc3 61. Ka2 Qb2# 0-1

[Event "NAYCC U12"]
[Site "Kingston CAN"]
[Date "2019.08.16"]
[Round "2.81"]
[White "Cheng, Adrien"]
[Black "Huang, Youhe"]
[Result "0-1"]
[WhiteElo "1426"]
[BlackElo "2167"]
[PlyCount "70"]
[EventDate "2019.08.16"]
[EventType "swiss"]
[EventRounds "9"]
[EventCountry "CAN"]

1. e4 Nf6 2. Nc3 d5 3. e5 d4 4. Nce2 Nfd7 5. Nf3 c5 6. d3 Nc6 7. Bf4 f6 8. exf6
gxf6 9. Ng3 Qb6 10. b3 e5 11. Bd2 Ne7 12. Be2 Qe6 13. c3 dxc3 14. Bxc3 Nd5 15.
Bb2 Be7 16. O-O Nf4 17. Re1 b6 18. Bf1 Bb7 19. d4 cxd4 20. Nxd4 Qd5 21. Ndf5
Bc5 22. Qxd5 Bxd5 23. Rad1 O-O-O 24. Bc1 Bc6 25. Bxf4 exf4 26. Ne4 Bb4 27. Re2
f3 28. Ned6+ Kc7 29. Rc2 Ne5 30. Nb5+ Kb8 31. Rxd8+ Rxd8 32. Nbd4 Be4 33. Rc1
Bd2 34. Rd1 Bc3 35. Bb5 Bxf5 0-1

[Event "NAYCC U12"]
[Site "Kingston CAN"]
[Date "2019.08.16"]
[Round "2.82"]
[White "He, Samuel"]
[Black "Lancman, Kaleb"]
[Result "1/2-1/2"]
[WhiteElo "1568"]
[BlackElo "1501"]
[PlyCount "118"]
[EventDate "2019.08.16"]
[EventType "swiss"]
[EventRounds "9"]
[EventCountry "CAN"]

1. e4 d5 2. exd5 Qxd5 3. Nc3 Qd6 4. Nf3 Bg4 5. Be2 c6 6. h3 Bh5 7. Ne4 Qc7 8.
Ng3 Bg6 9. d4 e6 10. O-O Bd6 11. Nh1 Bh5 12. c4 Bxf3 13. gxf3 Nd7 14. c5 Bf4
15. Be3 Ngf6 16. Bxf4 Qxf4 17. Ng3 h5 18. Qd3 h4 19. Ne4 Rh5 20. Nd6+ Ke7 21.
Kh1 b5 22. a4 bxa4 23. Rxa4 Nxc5 24. Qa3 Qxd6 25. dxc5 Qc7 26. Ra1 Rxc5 27.
Rxa7 Rxa7 28. Qxa7 Qxa7 29. Rxa7+ Ke8 30. b4 Re5 31. Bc4 Nd5 32. b5 cxb5 33.
Bxb5+ Kf8 34. Bd7 Re1+ 35. Kh2 Rc1 36. Rb7 g6 37. Ba4 Kg7 38. Bb3 Rc3 39. Bxd5
exd5 40. Rd7 Rc6 41. Rxd5 Rc2 42. Kg2 Rc1 43. Rd4 g5 44. f4 f6 45. fxg5 fxg5
46. Re4 Kf6 47. Ra4 Rc3 48. Ra6+ Kf5 49. Ra5+ Kf4 50. Ra4+ Kf5 51. Ra8 Rc6 52.
Rf8+ Rf6 53. Rxf6+ Kxf6 54. f3 Kf5 55. Kf1 Ke5 56. Ke1 Kf4 57. Kf2 Kf5 58. Kg2
Kf4 59. Kf2 Kf5 1/2-1/2

[Event "NAYCC U12"]
[Site "Kingston CAN"]
[Date "2019.08.16"]
[Round "2.83"]
[White "Zhang, Chu Hang"]
[Black "Xu, Xinge"]
[Result "1-0"]
[WhiteElo "2101"]
[BlackElo "1266"]
[PlyCount "75"]
[EventDate "2019.08.16"]
[EventType "swiss"]
[EventRounds "9"]
[EventCountry "CAN"]

1. e4 c5 2. Ne2 Nc6 3. Nbc3 Nf6 4. g3 e6 5. Bg2 Be7 6. d3 O-O 7. f4 d5 8. e5
Nd7 9. O-O Nb6 10. a4 a5 11. Nb5 f6 12. exf6 Bxf6 13. g4 Be7 14. Ng3 e5 15. f5
Bd7 16. Rf3 Nb8 17. Nc3 d4 18. Nce4 Nxa4 19. Nh5 Nb6 20. Rh3 Be8 21. Nxg7 Kxg7
22. Bh6+ Kg8 23. Bxf8 Bxf8 24. g5 Qe7 25. Nf6+ Kh8 26. Rxh7+ Qxh7 27. Nxh7 Kxh7
28. g6+ Kg7 29. f6+ Kxg6 30. Qg4+ Kxf6 31. Rf1+ Ke7 32. Qg5+ Kd6 33. Rf6+ Kc7
34. Qxe5+ Kc8 35. Qxe8+ Kc7 36. Qe5+ Kd7 37. Bh3+ Kd8 38. Rxf8# 1-0

[Event "NAYCC U12"]
[Site "Kingston CAN"]
[Date "2019.08.16"]
[Round "2.84"]
[White "He, Matthew"]
[Black "Cui, Guang Zhu"]
[Result "1-0"]
[WhiteElo "1810"]
[BlackElo "735"]
[PlyCount "29"]
[EventDate "2019.08.16"]
[EventType "swiss"]
[EventRounds "9"]
[EventCountry "CAN"]

1. d4 d5 2. c4 c6 3. cxd5 cxd5 4. Bf4 Nf6 5. Nc3 a6 6. Nf3 Bg4 7. Ne5 Bf5 8.
Qb3 b5 9. a4 Qa5 10. Bd2 Qb6 11. Nxd5 Qd6 12. Nxf6+ Qxf6 13. axb5 Be6 14. Qf3
Qh4 15. Qxa8 1-0

[Event "NAYCC U12"]
[Site "Kingston CAN"]
[Date "2019.08.16"]
[Round "2.87"]
[White "Srinivas, Atharva"]
[Black "Li, Neal"]
[Result "1-0"]
[WhiteElo "1695"]
[BlackElo "1166"]
[PlyCount "39"]
[EventDate "2019.08.16"]
[EventType "swiss"]
[EventRounds "9"]
[EventCountry "CAN"]

1. e4 e5 2. Nf3 Nc6 3. Bb5 d6 4. d4 exd4 5. Nxd4 Bd7 6. O-O Nge7 7. Nc3 g6 8.
Bg5 Bg7 9. Nd5 Nxd4 10. Bxe7 Qc8 11. Bxd7+ Qxd7 12. Nf6+ Bxf6 13. Bxf6 Nxc2 14.
Qxc2 Rg8 15. Rfe1 Qe6 16. e5 Kd7 17. exd6 c6 18. Rxe6 fxe6 19. Be7 h5 20. Re1
1-0

[Event "NAYCC U12"]
[Site "Kingston CAN"]
[Date "2019.08.16"]
[Round "2.88"]
[White "Wang, Andrew"]
[Black "Hu, Raymond"]
[Result "0-1"]
[WhiteElo "1416"]
[BlackElo "1527"]
[PlyCount "52"]
[EventDate "2019.08.16"]
[EventType "swiss"]
[EventRounds "9"]
[EventCountry "CAN"]

1. e4 c5 2. Nc3 Nc6 3. f4 d6 4. Bb5 Bd7 5. Nf3 a6 6. Bxc6 Bxc6 7. O-O Nf6 8. d3
Qc7 9. a3 e6 10. Qe1 Be7 11. Qg3 O-O 12. f5 Kh8 13. Kh1 e5 14. Qh3 b5 15. Rg1
b4 16. Ne2 d5 17. exd5 Bxd5 18. Ng3 e4 19. dxe4 Nxe4 20. Nxe4 Bxe4 21. c3 bxc3
22. bxc3 Qd7 23. g4 Qd3 24. Rg3 Bd6 25. Kg1 Bxg3 26. Qxg3 Qxf3 0-1

[Event "NAYCC U12"]
[Site "Kingston CAN"]
[Date "2019.08.16"]
[Round "2.89"]
[White "Yuen, Noah"]
[Black "Lim, Nicolas"]
[Result "1-0"]
[WhiteElo "1921"]
[BlackElo "1222"]
[PlyCount "39"]
[EventDate "2019.08.16"]
[EventType "swiss"]
[EventRounds "9"]
[EventCountry "CAN"]

1. d4 Nf6 2. c4 e6 3. Nf3 d5 4. Nc3 Bb4 5. Bg5 O-O 6. e3 c6 7. Bxf6 Qxf6 8. Bd3
Nd7 9. O-O Nb6 10. c5 Nd7 11. a3 Bxc3 12. bxc3 b6 13. cxb6 axb6 14. e4 Qe7 15.
e5 Rxa3 16. Rxa3 Qxa3 17. Bxh7+ Kxh7 18. Ng5+ Kh6 19. Qg4 Qe7 20. Qh4+ 1-0

[Event "NAYCC U12"]
[Site "Kingston CAN"]
[Date "2019.08.16"]
[Round "2.90"]
[White "Galvez Villalva, Brian Emiliano"]
[Black "Pride, Avian"]
[Result "1-0"]
[WhiteElo "1455"]
[BlackElo "1116"]
[PlyCount "81"]
[EventDate "2019.08.16"]
[EventType "swiss"]
[EventRounds "9"]
[EventCountry "CAN"]

1. b4 d5 2. Bb2 e5 3. Bxe5 Nc6 4. Bb2 Nxb4 5. a3 Nc6 6. Nf3 Nf6 7. e3 Bg4 8. d4
Bd6 9. Bd3 Qe7 10. h3 Bxf3 11. Qxf3 O-O 12. Nd2 h6 13. O-O h5 14. c4 dxc4 15.
Nxc4 Rfe8 16. Nd2 Rad8 17. e4 Nh7 18. Qxh5 g6 19. Qf3 Qf6 20. Qe3 Qf4 21. Qxf4
Bxf4 22. Nf3 Ng5 23. Nxg5 Bxg5 24. d5 Ne5 25. Bxe5 Rxe5 26. f4 Bxf4 27. Rxf4 c6
28. Bc4 b5 29. Bb3 f5 30. dxc6+ Kh8 31. Bd5 fxe4 32. Bxe4 Rd4 33. Raf1 Rdxe4
34. Rf8+ Kg7 35. R1f7+ Kh6 36. c7 Rc5 37. c8=Q Rxc8 38. Rxc8 Kg5 39. Rc5+ Kh4
40. Kh2 g5 41. Rh7# 1-0

[Event "NAYCC U12"]
[Site "Kingston CAN"]
[Date "2019.08.16"]
[Round "2.91"]
[White "Puri, Dylan"]
[Black "Liu, Aaron"]
[Result "0-1"]
[WhiteElo "1072"]
[BlackElo "1565"]
[PlyCount "64"]
[EventDate "2019.08.16"]
[EventType "swiss"]
[EventRounds "9"]
[EventCountry "CAN"]

1. e4 e5 2. Nf3 Nc6 3. Bc4 Bc5 4. O-O Nf6 5. d4 Bxd4 6. Nxd4 Nxd4 7. f4 d6 8.
fxe5 dxe5 9. Bg5 Qe7 10. c3 Ne6 11. Bxf6 gxf6 12. Nd2 Bd7 13. Qf3 O-O-O 14.
Qxf6 Qxf6 15. Rxf6 Rhf8 16. Raf1 b5 17. Bb3 Nf4 18. g3 Bh3 19. gxf4 Rxd2 20.
Rd1 Rg8+ 21. Kh1 Bg2+ 22. Kg1 Bf3+ 23. Kf1 Bxd1 24. Bxf7 Rgg2 25. Be6+ Kb7 26.
Bd5+ c6 27. Bxc6+ Kc7 28. Bd5 Bf3 29. Rf7+ Kd8 30. Rf8+ Ke7 31. Rf7+ Ke8 32.
Bb3 Rxb2 0-1

[Event "NAYCC U12"]
[Site "Kingston CAN"]
[Date "2019.08.16"]
[Round "2.92"]
[White "Odrcich, Evan"]
[Black "Zhang, Henry X"]
[Result "0-1"]
[WhiteElo "878"]
[BlackElo "1624"]
[PlyCount "124"]
[EventDate "2019.08.16"]
[EventType "swiss"]
[EventRounds "9"]
[EventCountry "CAN"]

1. e4 c5 2. Nf3 e6 3. d4 cxd4 4. Nxd4 Nc6 5. Nc3 Qc7 6. Be3 a6 7. f3 Nf6 8. Qd2
Be7 9. O-O-O b5 10. Kb1 O-O 11. g4 d6 12. h4 Ne5 13. h5 b4 14. Nce2 Nc4 15. Qd3
Bb7 16. g5 Nd7 17. h6 g6 18. Nf4 Nde5 19. Qb3 a5 20. Bxc4 Nxc4 21. Ndxe6 fxe6
22. Nxe6 Qc6 23. Nxf8 Rxf8 24. Bd4 Bxg5 25. Bg7 Rf7 26. Rhg1 Nd2+ 27. Rxd2 Bxd2
28. Rd1 Bf4 29. Qe6 Qc8 30. Qb3 Be5 31. f4 Bxg7 32. hxg7 Kxg7 33. Rxd6 Rxf4 34.
Qd3 Qc5 35. Rd7+ Rf7 36. Rxf7+ Kxf7 37. Qd7+ Qe7 38. Qh3 Kg7 39. Qd3 Bxe4 40.
Qd4+ Qf6 41. Qa7+ Kg8 42. b3 Qd6 43. Kb2 Qc6 44. Qf2 Qxc2+ 45. Qxc2 Bxc2 46.
Kxc2 h5 47. Kd2 h4 48. Ke2 h3 49. Kf2 g5 50. Kg3 g4 51. Kh2 Kf7 52. Kg3 Kf6 53.
Kh2 Kf5 54. Kg3 Ke4 55. Kh2 Kf3 56. Kg1 g3 57. Kh1 g2+ 58. Kg1 Kg3 59. a3 bxa3
60. b4 a2 61. bxa5 a1=B 62. a6 Bd4# 0-1

[Event "NAYCC U12"]
[Site "Kingston CAN"]
[Date "2019.08.16"]
[Round "2.93"]
[White "Zhu, Ricky"]
[Black "Kriemadis, Noah"]
[Result "1-0"]
[WhiteElo "1472"]
[BlackElo "1114"]
[PlyCount "77"]
[EventDate "2019.08.16"]
[EventType "swiss"]
[EventRounds "9"]
[EventCountry "CAN"]

1. e4 c5 2. c3 Nc6 3. d4 e6 4. Nf3 b6 5. d5 exd5 6. exd5 Nce7 7. c4 Nf6 8. Bd3
d6 9. O-O Nf5 10. Nc3 Be7 11. Qc2 g6 12. b3 O-O 13. Bb2 Re8 14. Ne2 Bf8 15. Ng3
Nxg3 16. fxg3 Bg7 17. Rae1 Bg4 18. Qf2 Rxe1 19. Nxe1 Nh5 20. Qxf7+ Kh8 21.
Bxg7+ Nxg7 22. Qf6 Bf5 23. Qc3 Qe7 24. Bxf5 gxf5 25. Rxf5 Qxe1+ 26. Qxe1 Nxf5
27. Qe6 Rf8 28. g4 Nd4 29. Qe7 Kg8 30. h3 Rf7 31. Qxd6 Ne2+ 32. Kh2 Rf2 33.
Qb8+ Kg7 34. Qxa7+ Kf6 35. Qxb6+ Ke5 36. Qxc5 Nd4 37. Qe7+ Kf4 38. Qf6+ Ke3 39.
Qxf2+ 1-0

[Event "NAYCC U12"]
[Site "Kingston CAN"]
[Date "2019.08.16"]
[Round "2.96"]
[White "Milardovic, Ivan"]
[Black "Zhou, Johnson"]
[Result "0-1"]
[WhiteElo "707"]
[BlackElo "1409"]
[PlyCount "44"]
[EventDate "2019.08.16"]
[EventType "swiss"]
[EventRounds "9"]
[EventCountry "CAN"]

1. e4 e6 2. Nf3 d5 3. exd5 exd5 4. Ne5 Nf6 5. Qe2 Be7 6. d4 O-O 7. Bg5 Re8 8.
Bxf6 Bxf6 9. Qh5 Be6 10. Bd3 g6 11. Qh6 Bg7 12. Qd2 Nd7 13. Nf3 Bg4+ 14. Ne5
Nxe5 15. dxe5 Bxe5 16. Na3 Bf4+ 17. Be2 Bxd2+ 18. Kxd2 Rxe2+ 19. Kc3 Qf6+ 20.
Kb4 Qxb2+ 21. Ka5 c5 22. Nb5 Qb4# 0-1

[Event "NAYCC U12"]
[Site "Kingston CAN"]
[Date "2019.08.17"]
[Round "3.60"]
[White "Padhye, Rohan"]
[Black "Mundayat, Abinav"]
[Result "1/2-1/2"]
[WhiteElo "2007"]
[BlackElo "2081"]
[PlyCount "233"]
[EventDate "2019.08.16"]
[EventType "swiss"]
[EventRounds "9"]
[EventCountry "CAN"]

1. e4 c5 2. Nf3 Nc6 3. d4 cxd4 4. Nxd4 e5 5. Nb5 d6 6. c4 Be7 7. b3 a6 8. N5c3
Nf6 9. Bd3 O-O 10. O-O Be6 11. Na3 Nd7 12. Nc2 Nc5 13. Nd5 Rb8 14. Nce3 Bg5 15.
b4 Nxd3 16. Qxd3 Ne7 17. Nxe7+ Qxe7 18. Nd5 Qd8 19. Rd1 f5 20. Bxg5 Qxg5 21.
Nc7 Bf7 22. exf5 Rbd8 23. Ne6 Bxe6 24. fxe6 Qe7 25. Qd5 Rfe8 26. Rd2 Qxe6 27.
Rad1 Qxd5 28. Rxd5 Re6 29. c5 Kf7 30. cxd6 Rd7 31. Kf1 Re8 32. a4 Red8 33. Rc5
Ke6 34. Re1 Rxd6 35. Rcxe5+ Kf6 36. b5 axb5 37. Rxb5 R8d7 38. Re3 Rd1+ 39. Ke2
R1d2+ 40. Kf3 Ra2 41. Re4 h6 42. Rb6+ Kf7 43. Kg3 Kg8 44. Rg4 Kh7 45. f3 Rdd2
46. Kh3 Rd7 47. Kh4 Ra1 48. Rb2 Ra3 49. Rgb4 Ra1 50. Kg3 Rf7 51. Kf2 Ra3 52.
Ke2 Rd7 53. g3 Re7+ 54. Kf2 Rf7 55. f4 Re7 56. Kf1 Ra1+ 57. Kg2 Ra3 58. Kf2 Kg8
59. Rxb7 Rxb7 60. Rxb7 Rxa4 61. Kf3 Ra5 62. Rb3 Kf7 63. g4 Ra4 64. Kg3 Ra6 65.
h4 Ra5 66. Rb7+ Kg8 67. g5 hxg5 68. hxg5 g6 69. Rb4 Kf7 70. Kf3 Kg7 71. Ke4 Kf7
72. Rb7+ Kg8 73. Rb6 Kg7 74. Rd6 Rb5 75. Rd7+ Kf8 76. Rd5 Rb7 77. Ke5 Rf7 78.
Rd6 Rf5+ 79. Ke4 Kg7 80. Rd7+ Kg8 81. Rd5 Rf7 82. Re5 Rf8 83. Kf3 Rf7 84. Ke3
Rf8 85. Re4 Kg7 86. Kd3 Rf7 87. Kd2 Rd7+ 88. Kc3 Rf7 89. Kb3 Rf8 90. Ka4 Rf5
91. Kb4 Kf7 92. Kc4 Kg7 93. Kd4 Kf7 94. Kc3 Kg7 95. Kc4 Kf7 96. Kd4 Kg7 97. Ke3
Kg8 98. Re8+ Kg7 99. Re7+ Kg8 100. Re5 Rf7 101. Ke4 Rf8 102. Re7 Rf5 103. Re5
Rf8 104. Re6 Kg7 105. Kf3 Rf7 106. Kg4 Rf8 107. Re5 Rf7 108. f5 gxf5+ 109. Kf4
Kg6 110. Re6+ Kg7 111. Rd6 Rf8 112. g6 Rf6 113. Rxf6 Kxf6 114. g7 Kxg7 115. Kg5
f4 116. Kg4 f3 117. Kxf3 1/2-1/2

[Event "NAYCC U12"]
[Site "Kingston CAN"]
[Date "2019.08.17"]
[Round "3.61"]
[White "Huang, Edison"]
[Black "Ning, Eric"]
[Result "0-1"]
[WhiteElo "1653"]
[BlackElo "2135"]
[PlyCount "100"]
[EventDate "2019.08.16"]
[EventType "swiss"]
[EventRounds "9"]
[EventCountry "CAN"]

1. e4 c5 2. d3 g6 3. Nd2 Bg7 4. Ngf3 Nc6 5. g3 e5 6. Bg2 Nge7 7. O-O O-O 8. h4
d6 9. Nh2 h5 10. Nc4 Be6 11. Ne3 Qd7 12. c3 d5 13. f4 exf4 14. gxf4 dxe4 15.
dxe4 Qxd1 16. Rxd1 Rad8 17. Bf3 Rxd1+ 18. Bxd1 Rd8 19. Bc2 Bf6 20. Nf3 b5 21.
f5 Bc8 22. Ng5 Ne5 23. Kg2 Bb7 24. fxg6 N5xg6 25. Kh3 Bc8+ 26. Nf5 Nxf5 27.
exf5 Ne7 28. a4 Nxf5 29. Bxf5 Bxf5+ 30. Kg3 b4 31. Bf4 Rd3+ 32. Kg2 bxc3 33.
bxc3 Bxc3 34. Ra2 f6 35. Nf3 Be4 36. Rf2 c4 37. Bb8 a6 38. Kg3 Be5+ 39. Bxe5
fxe5 40. Kg2 Rxf3 41. Rxf3 c3 42. Kf2 Bxf3 43. Ke3 c2 44. Kd2 Bd1 45. Kc1 e4
46. Kd2 e3+ 47. Kc1 e2 48. a5 e1=Q 49. Kb2 Qd2 50. Ka1 c1=R# 0-1

[Event "NAYCC U12"]
[Site "Kingston CAN"]
[Date "2019.08.17"]
[Round "3.62"]
[White "Levine, Jack"]
[Black "Wu, Benjamin"]
[Result "1-0"]
[WhiteElo "2198"]
[BlackElo "1731"]
[PlyCount "59"]
[EventDate "2019.08.16"]
[EventType "swiss"]
[EventRounds "9"]
[EventCountry "CAN"]

1. c4 e5 2. Nc3 Nf6 3. Nf3 Nc6 4. g3 d5 5. cxd5 Nxd5 6. Bg2 Be6 7. O-O Bc5 8.
Ne4 Be7 9. d4 f5 10. Neg5 Bxg5 11. Nxg5 Bg8 12. dxe5 h6 13. e4 fxe4 14. Qh5+
Kf8 15. f4 Qe7 16. Nxe4 Bf7 17. Qe2 g6 18. b3 Kg7 19. Bb2 Be6 20. Rad1 Rad8 21.
Qf2 h5 22. h4 b6 23. Ng5 Kh6 24. Nxe6 Qxe6 25. f5 gxf5 26. Bxd5 Rxd5 27. Rxd5
Qxd5 28. Qf4+ Kg6 29. Qxf5+ Kh6 30. Bc1+ 1-0

[Event "NAYCC U12"]
[Site "Kingston CAN"]
[Date "2019.08.17"]
[Round "3.63"]
[White "Weng, Nicholas"]
[Black "Srinivasan, Hemant"]
[Result "1-0"]
[WhiteElo "1789"]
[BlackElo "2066"]
[PlyCount "73"]
[EventDate "2019.08.16"]
[EventType "swiss"]
[EventRounds "9"]
[EventCountry "CAN"]

1. e4 c6 2. d4 d5 3. Nc3 dxe4 4. Nxe4 Bf5 5. Ng3 Bg6 6. h4 h6 7. Nf3 Nd7 8. h5
Bh7 9. Bd3 Bxd3 10. Qxd3 Ngf6 11. Bd2 e6 12. O-O-O Qc7 13. Ne4 Nxe4 14. Qxe4
Nf6 15. Qh4 Bd6 16. Rhe1 O-O-O 17. Ne5 Rhf8 18. Kb1 Nd5 19. Qg4 Ne7 20. Nxf7
Rd7 21. Qxe6 Nd5 22. Nxd6+ Qxd6 23. Qxd6 Rxd6 24. c4 Nf4 25. Bb4 Rdf6 26. Bxf8
Rxf8 27. g4 Kd7 28. Rd2 Ne6 29. d5 Ng5 30. dxc6+ Kxc6 31. Re7 Rf4 32. Rxg7 Rxg4
33. Rg6+ Kc5 34. b3 Kb4 35. Kb2 Ne4 36. Rxg4 Nxd2 37. Rg6 1-0

[Event "NAYCC U12"]
[Site "Kingston CAN"]
[Date "2019.08.17"]
[Round "3.64"]
[White "Lancman, Kyle"]
[Black "Liu, Henry"]
[Result "0-1"]
[WhiteElo "1806"]
[BlackElo "1952"]
[PlyCount "106"]
[EventDate "2019.08.16"]
[EventType "swiss"]
[EventRounds "9"]
[EventCountry "CAN"]

1. e4 e6 2. d4 d5 3. Nc3 Nf6 4. Bg5 Be7 5. e5 Nfd7 6. h4 h6 7. Bxe7 Qxe7 8. f4
a6 9. Nf3 c5 10. dxc5 Qxc5 11. Qd2 Nc6 12. O-O-O b5 13. Nd4 Nxd4 14. Qxd4 Bb7
15. Ne4 Qxd4 16. Nd6+ Ke7 17. Rxd4 Bc6 18. Rd1 f6 19. Re1 fxe5 20. fxe5 Nxe5
21. Nf5+ exf5 22. Rxe5+ Kf6 23. Re1 Rhe8 24. Bd3 d4 25. Rxe8 Rxe8 26. Rf1 Be4
27. g4 g6 28. h5 Bxd3 29. cxd3 Re5 30. hxg6 Kxg6 31. gxf5+ Rxf5 32. Rg1+ Kf6
33. Rg4 Ke5 34. Re4+ Kd5 35. Re8 h5 36. Re4 Rf1+ 37. Kc2 Rh1 38. a3 h4 39. b3
h3 40. Rh4 h2 41. Rh5+ Ke6 42. Kb2 Kf6 43. Ka2 Kg6 44. Rh8 Kg5 45. a4 Kf4 46.
axb5 axb5 47. Rh7 Ke3 48. Rh3+ Kd2 49. Kb2 b4 50. Rf3 Rb1+ 51. Ka2 Ra1+ 52. Kb2
h1=Q 53. Rf2+ Ke3 0-1

[Event "NAYCC U12"]
[Site "Kingston CAN"]
[Date "2019.08.17"]
[Round "3.65"]
[White "Ajith, Aayush"]
[Black "Huang, Richard"]
[Result "1/2-1/2"]
[WhiteElo "1847"]
[BlackElo "1542"]
[PlyCount "97"]
[EventDate "2019.08.16"]
[EventType "swiss"]
[EventRounds "9"]
[EventCountry "CAN"]

1. d4 d5 2. c4 dxc4 3. Nf3 Nf6 4. e3 e6 5. Bxc4 a6 6. a4 Be7 7. Nc3 O-O 8. O-O
c5 9. Qe2 Nc6 10. Rd1 Qc7 11. b3 b6 12. Ba3 Bb7 13. dxc5 bxc5 14. Ra2 Nb4 15.
Rad2 Rad8 16. Bxb4 cxb4 17. Nb1 a5 18. Rc2 Qb6 19. Nfd2 Ne4 20. Nxe4 Bxe4 21.
Rcd2 Rxd2 22. Nxd2 Bg6 23. Bb5 Qc7 24. Nc4 Rd8 25. Rd2 Bf6 26. Qd1 Rxd2 27.
Qxd2 Qd8 28. Qd6 Qxd6 29. Nxd6 Bd8 30. Bc4 Kf8 31. Kf1 Ke7 32. Nb5 Kd7 33. Ke2
Bb6 34. Bd3 Bxd3+ 35. Kxd3 e5 36. g4 g6 37. g5 Ke6 38. Ke4 Bd8 39. Na7 Kd6 40.
f4 exf4 41. exf4 f5+ 42. Kd3 Kd5 43. Nc8 Kc5 44. h3 Kd5 45. Na7 Bb6 46. Nb5 Kc5
47. Nd4 Kd5 48. Nf3 Bc7 49. Ke3 1/2-1/2

[Event "NAYCC U12"]
[Site "Kingston CAN"]
[Date "2019.08.17"]
[Round "3.66"]
[White "Zhao, Jeffrey R"]
[Black "Vidyarthi, Vyom"]
[Result "1/2-1/2"]
[WhiteElo "2117"]
[BlackElo "2205"]
[PlyCount "85"]
[EventDate "2019.08.16"]
[EventType "swiss"]
[EventRounds "9"]
[EventCountry "CAN"]

1. e4 e5 2. Nf3 Nc6 3. Bc4 Bc5 4. O-O Nf6 5. d3 d6 6. c3 a6 7. a4 Ba7 8. Re1 h6
9. Nbd2 O-O 10. h3 Ne7 11. Bb3 Ng6 12. d4 Re8 13. a5 Nh7 14. Nf1 Qf6 15. Ng3
Nh4 16. Nxh4 Qxh4 17. Qf3 Be6 18. Bxe6 fxe6 19. Be3 exd4 20. Bxd4 Rf8 21. Qg4
Qxg4 22. hxg4 c5 23. Be3 d5 24. exd5 exd5 25. Rad1 Rad8 26. Nf5 Rfe8 27. Kf1
Nf6 28. f3 Rd7 29. Rd2 Kh7 30. Bf4 Rf8 31. Red1 g6 32. Ne3 d4 33. Be5 Ne4 34.
Rc2 d3 35. Nc4 Rd4 36. cxd4 dxc2 37. Rc1 cxd4 38. Rxc2 d3 39. Rc1 Nf6 40. Rd1
Nxg4 41. Rxd3 Nxe5 42. Nxe5 Rg8 43. Ng4 1/2-1/2

[Event "NAYCC U12"]
[Site "Kingston CAN"]
[Date "2019.08.17"]
[Round "3.67"]
[White "Liang, Jason"]
[Black "Xu, Jayden"]
[Result "1-0"]
[WhiteElo "2250"]
[BlackElo "1649"]
[PlyCount "51"]
[EventDate "2019.08.16"]
[EventType "swiss"]
[EventRounds "9"]
[EventCountry "CAN"]

1. e4 e6 2. d4 d5 3. Nc3 Bb4 4. e5 c5 5. a3 Bxc3+ 6. bxc3 Qc7 7. Qg4 f5 8. Qg3
Nc6 9. Nf3 Nge7 10. h4 Bd7 11. Be2 O-O-O 12. O-O Rhg8 13. a4 Rdf8 14. Ba3 c4
15. a5 f4 16. Qh3 h6 17. h5 Rf5 18. Nh4 Rg5 19. Bg4 Nf5 20. Nf3 Rxg4 21. Qxg4
Nxa5 22. Bd6 Nxd6 23. exd6 Qd8 24. Ne5 Nc6 25. Nxc6 Bxc6 26. Rxa7 1-0